Normal view
MARC view
Entry Personal Name
001 - CONTROL NUMBER
- control field: 91081
003 - CONTROL NUMBER IDENTIFIER
- control field: BDCtgAUW
005 - DATE AND TIME OF LATEST TRANSACTION
- control field: 20260226161105.0
008 - FIXED-LENGTH DATA ELEMENTS
- fixed length control field: 260226|| aca||aabn | a|a d
040 ## - CATALOGING SOURCE
- Original cataloging agency: BDCtgAUW
- Transcribing agency: BDCtgAUW
100 ## - HEADING--PERSONAL NAME
- Personal name: Foster, R. F.
- Fuller form of name: (Robert Fitzroy)
670 ## - SOURCE DATA FOUND
- Source citation: Work cat.: (BDCtgAUW)16284: Foster, R. F. (Robert Fitzroy), author, Modern Ireland, 1600-1972 /, 1988.